| 000 | 01470 a2200313 4500 | ||
|---|---|---|---|
| 003 | Nust | ||
| 005 | 20170207154031.0 | ||
| 010 | _a 2001277470 | ||
| 020 | _a0596000200 | ||
| 035 | _a(OCoLC)ocm47712525 | ||
| 040 | _cNust | ||
| 082 | 0 | 0 | _a004.62 |
| 100 | 1 | _aMauro, Douglas R. | |
| 245 | 1 | 0 |
_aEssential SNMP -(E-BOOK) _cDouglas R. Mauro and Kevin J. Schmidt. |
| 246 | 3 | 0 | _aSNMP |
| 250 | _a1st ed. | ||
| 260 |
_aBeijing ; _aSebastopol, CA : _bO'Reilly, _c2001. |
||
| 300 |
_axiv, 313 p. : _bill. ; _c24 cm. |
||
| 500 | _aIncludes index. | ||
| 505 | _aIntroduction (Page-11) Creating XML (Page-33) Parsing XML (Page-43) Constraining XML (Page-79) Validating XML (Page-106) Transforming XML (Page-118) Traversing ML(Page-140) JDOM (Page-160) Web Publishing Frameworks(Page-184) XML-RPC (Page-219) XML for Configurations (Page-249) Creating XML with Java (Page-273) Business-to-Business (Page-295) XML Schema (Page-323) | ||
| 650 | 0 |
_aComputer networks _xManagement. |
|
| 650 | 0 | _aManagement information systems. | |
| 650 | 0 | _aSimple Network Management Protocol (Computer network protocol) | |
| 651 | _aE-BOOK | ||
| 700 | 1 | _aSchmidt, Kevin J. | |
| 856 | 4 | 2 |
_3Contributor biographical information _uhttp://www.loc.gov/catdir/enhancements/fy0915/2001277470-b.html |
| 856 | 4 | 2 |
_3Publisher description _uhttp://www.loc.gov/catdir/enhancements/fy0915/2001277470-d.html |
| 856 | 4 | 2 |
_3Table of contents only _uhttp://www.loc.gov/catdir/enhancements/fy1009/2001277470-t.html |
| 942 |
_2ddc _cBK |
||
| 999 |
_c192141 _d192141 |
||